[Event "U-20 Pan-American Chess Championship Female 2022"]
[Site "(Pereira - Risaralda) Gran Hotel. Calle 19 # 9-19"]
[Date "2022.08.26"]
[Round "6"]
[Board "11"]
[White "Guerrero Caicedo, Arlette"]
[Black "Lopez Mahecha, Natalia"]
[Result "1-0"]
[WhiteElo "1531"]
[BlackElo "1197"]
[PlyCount "0"]
[EventDate "2022.08.23"]
[EventRounds "9"]
[EventCountry "COL"]

1. d4 Nf6 2. c4 g6 3. g3 Bg7 4. Bg2 d6 5. Nf3 O-O 6. O-O c5 7. d5 e5 8. Nc3
Nbd7 9. Qd3 Re8 10. e4 a6 11. a4 Nh5 12. Ne1 Nf8 13. Qd1 Rb8 14. Nd3 Bd7 15. f4
exf4 16. Nxf4 Nxf4 17. Bxf4 Be5 18. Qf3 f5 19. exf5 Bxf5 20. g4 Bc2 21. Rac1
Bxc3 22. Qxc3 Bxa4 23. Bh6 Qc7 24. b3 Bxb3 25. Qxb3 Nd7 26. g5 Ne5 27. Bh3 Re7
28. Be6+ Nf7 29. Qc3 Rxe6 30. Qg7#   1-0

[Event "U-20 Pan-American Chess Championship Female 2022"]
[Site "(Pereira - Risaralda) Gran Hotel. Calle 19 # 9-19"]
[Date "2022.08.26"]
[Round "6"]
[Board "12"]
[White "Acosta Angulo, Mariana Valentina"]
[Black "Sanchez Riobo, Emily Dainne"]
[Result "1/2-1/2"]
[WhiteElo "1489"]
[BlackElo "1405"]
[PlyCount "0"]
[EventDate "2022.08.23"]
[EventRounds "9"]
[EventCountry "COL"]

1. e4 c6 2. d4 d5 3. exd5 cxd5 4. Bd3 Nc6 5. c3 h6 6. Bf4 Nf6 7. Nd2 e6 8. Ngf3
Bd6 9. Bxd6 Qxd6 10. O-O O-O 11. Re1 Nd7 12. Qc2 Re8 13. Rad1 Kf8 14. Bb5 Kg8
15. Nb3 a6 16. Bd3 e5 17. dxe5 Ndxe5 18. Nxe5 Rxe5 19. Rxe5 Nxe5 20. Re1 Be6
21. Nd4 Nxd3 22. Qxd3 Re8 23. h3 Qb6 24. Qc2 Rc8 25. Nxe6 fxe6 26. Qg6 Rc6 27.
Qe8+ Kh7 28. b3 Rd6 29. h4 d4 30. cxd4 Qxd4 31. Rxe6 Rxe6 32. Qxe6 Qa1+ 33. Kh2
Qxa2 34. Qf5+ Kg8 35. Qc8+ Kh7 36. Qf5+ Kg8 37. Qc8+ Kh7 38. Qf5+ Kg8 39. Qc8+
  1/2-1/2

[Event "U-20 Pan-American Chess Championship Female 2022"]
[Site "(Pereira - Risaralda) Gran Hotel. Calle 19 # 9-19"]
[Date "2022.08.26"]
[Round "6"]
[Board "13"]
[White "Carrillo Riano, Karen Sofia"]
[Black "Ladron De Guevara Mendez, Lorena"]
[Result "1/2-1/2"]
[WhiteElo "1350"]
[BlackElo "1378"]
[PlyCount "0"]
[EventDate "2022.08.23"]
[EventRounds "9"]
[EventCountry "COL"]

1. e4 e5 2. Nf3 Nc6 3. Bc4 Bc5 4. c3 Nf6 5. d3 a5 6. O-O d6 7. h3 O-O 8. Bb3
Bb6 9. Nbd2 Ne7 10. Nc4 Ba7 11. Ne3 Be6 12. Bxe6 fxe6 13. Qb3 Qd7 14. a4 Kh8
15. Nc4 Ng6 16. Kh1 b6 17. Qc2 Qf7 18. Ng5 Qe7 19. b3 d5 20. Nb2 h6 21. Nf3 Nh5
22. d4 Rxf3 23. exd5 Ngf4 24. Bxf4 Nxf4 25. Qe4   1/2-1/2

[Event "U-20 Pan-American Chess Championship Female 2022"]
[Site "(Pereira - Risaralda) Gran Hotel. Calle 19 # 9-19"]
[Date "2022.08.26"]
[Round "7"]
[Board "1"]
[White "Garcia Andrada, Heidy Nicole"]
[Black "Hilario, Aleyla"]
[Result "0-1"]
[WhiteElo "2002"]
[BlackElo "1899"]
[PlyCount "0"]
[EventDate "2022.08.23"]
[EventRounds "9"]
[EventCountry "COL"]

1. b3 e5 2. Bb2 Nc6 3. e3 Nf6 4. Ne2 d5 5. d3 Be6 6. h3 a6 7. Nd2 Bc5 8. a3 d4
9. e4 Nd7 10. g3 Be7 11. f4 f6 12. Bg2 O-O 13. O-O Na7 14. Nf3 c5 15. f5 Bf7
16. g4 b5 17. Bc1 c4 18. Bd2 Rc8 19. h4 Qc7 20. Ne1 Nc5 21. Rb1 a5 22. b4 axb4
23. Bxb4 cxd3 24. cxd3 Na4 25. Qd2 Nc3 26. Rb2 Bxb4 27. axb4 Nxe2+ 28. Qxe2 Qe7
29. Nf3 Rc3 30. Rfb1 Rfc8 31. Ne1 R8c7 32. Qd2 Nc8 33. Bf3 Nb6 34. Ra1 Ra7 35.
Ra5 Na4 36. Rb1 Rxa5 37. bxa5 b4 38. Ra1 Qd7 39. Nc2 b3 40. Na3 b2 41. Rb1 Rxa3
42. Bd1 Ra1 43. Qc2 Nc3 44. Rxb2 Rxd1+ 45. Kh2 Qc8 46. g5 Ra1 47. gxf6 gxf6 48.
h5 Kh8 49. Qf2 Qg8   0-1

[Event "U-20 Pan-American Chess Championship Female 2022"]
[Site "(Pereira - Risaralda) Gran Hotel. Calle 19 # 9-19"]
[Date "2022.08.26"]
[Round "7"]
[Board "2"]
[White "Ruiz Villalba, Andrea"]
[Black "Contreras Huaman, Fiorella"]
[Result "0-1"]
[WhiteElo "1845"]
[BlackElo "1948"]
[PlyCount "0"]
[EventDate "2022.08.23"]
[EventRounds "9"]
[EventCountry "COL"]

1. e4 c6 2. Nc3 d5 3. d4 dxe4 4. Nxe4 Nf6 5. Nxf6+ exf6 6. Be3 Bd6 7. Bd3 Be6
8. c3 O-O 9. Qc2 h5 10. Ne2 h4 11. O-O-O Re8 12. c4 Na6 13. a3 Nc7 14. Kb1 Qd7
15. Nc3 b5 16. d5 cxd5 17. Nxb5 Nxb5 18. cxb5 Rec8 19. Qa4 a6 20. Qa5 axb5 21.
Qxb5 Qe7 22. a4 Bd7 23. Qxd5 Bxa4 24. Rc1 Rcb8 25. Qe4 Qxe4 26. Bxe4 Ra5 27.
Bd2 Rab5 28. Bc3 Be5 29. Bc6 Rxb2+ 30. Ka1 Bxc6 31. Bxe5 fxe5 32. Rxc6 Rxf2 33.
g3 hxg3 34. hxg3 Rf3 35. Ka2 Rxg3 36. Rc5 Rg6 37. Ra5 Re6 38. Ra7 Ree8 39. Rf1
Rf8 40. Re7 Rb5 41. Ra7 g6 42. Ka3 Kg7 43. Ka4 Rb6 44. Re1 Re8 45. Rf1 Rf6 46.
Re1 e4 47. Kb4 e3 48. Ra3 e2 49. Ra2 Rfe6   0-1

[Event "U-20 Pan-American Chess Championship Female 2022"]
[Site "(Pereira - Risaralda) Gran Hotel. Calle 19 # 9-19"]
[Date "2022.08.26"]
[Round "7"]
[Board "3"]
[White "Ruiz Jaraba, Valentina Sofia"]
[Black "Pacheco Jimenez, Yesenia"]
[Result "0-1"]
[WhiteElo "1816"]
[BlackElo "1653"]
[PlyCount "0"]
[EventDate "2022.08.23"]
[EventRounds "9"]
[EventCountry "COL"]

1. e4 c5 2. Nf3 e6 3. d4 cxd4 4. Nxd4 a6 5. Bd3 Ne7 6. O-O Nbc6 7. Nxc6 Nxc6 8.
Nc3 b5 9. a3 Bc5 10. Kh1 Qh4 11. f4 Bb7 12. e5 Ne7 13. Be4 Nf5 14. Bxf5 exf5
15. Nd5 O-O 16. Be3 d6 17. exd6 Bxd6 18. Rf3 Bxd5 19. Qxd5 Qf6 20. Rg3 g6 21.
Qd3 Rfe8 22. Bd4 Qe6 23. Re3 Qd5 24. Rae1 Re6 25. Qc3 Bxf4 26. Rxe6 fxe6 27.
Bh8 Bh6 28. Bf6 Kf7 29. h3 Bd2 30. Qc7+ Kxf6 31. Rd1 h6 32. b3 Bf4 33. Qc3+ Be5
34. Qe1 Qc6 35. Qh4+ Kf7 36. c4 bxc4 37. bxc4 Bf6 38. Qxh6 Rh8 39. Qe3 Qxc4 40.
Qa7+ Be7 41. Rd7 Re8 42. Rc7 Qf1+ 43. Kh2 Qf4+ 44. Kh1 Qd6 45. Rc3 Rd8   0-1

[Event "U-20 Pan-American Chess Championship Female 2022"]
[Site "(Pereira - Risaralda) Gran Hotel. Calle 19 # 9-19"]
[Date "2022.08.26"]
[Round "7"]
[Board "4"]
[White "Montano Vicente, Guadalupe"]
[Black "Diaz Charpentier, Kristel Meliss"]
[Result "1/2-1/2"]
[WhiteElo "1644"]
[BlackElo "1989"]
[PlyCount "0"]
[EventDate "2022.08.23"]
[EventRounds "9"]
[EventCountry "COL"]

1. d4 Nf6 2. c4 e6 3. Nf3 Bb4+ 4. Bd2 Qe7 5. Nc3 O-O 6. g3 Nc6 7. Bg2 Bxc3 8.
Bxc3 Ne4 9. Rc1 d6 10. O-O Nxc3 11. Rxc3 e5 12. d5 Nb8 13. b4 Nd7 14. Qc2 a5
15. Ra3 b6 16. Rb1 f5 17. Nd2 Qg5 18. Rbb3 Ra6 19. bxa5 bxa5 20. Rb2 Nc5 21.
Nb3 Nxb3 22. Raxb3 f4 23. Be4 g6 24. Qd2 Qg4 25. Bf3 Qh3 26. Bg2 Qg4 27. Bf3
Qh3 28. Bg2   1/2-1/2

[Event "U-20 Pan-American Chess Championship Female 2022"]
[Site "(Pereira - Risaralda) Gran Hotel. Calle 19 # 9-19"]
[Date "2022.08.26"]
[Round "7"]
[Board "5"]
[White "Pena Gonzalez, Clara Isabel"]
[Black "Matus, Nastassja"]
[Result "0-1"]
[WhiteElo "1833"]
[BlackElo "1976"]
[PlyCount "0"]
[EventDate "2022.08.23"]
[EventRounds "9"]
[EventCountry "COL"]

1. e4 c6 2. Nc3 d5 3. Nf3 Bg4 4. h3 Bxf3 5. Qxf3 e6 6. d3 Nd7 7. Bd2 g6 8. g3
Bg7 9. Bg2 Ne7 10. O-O O-O 11. Kh2 f5 12. exd5 Nxd5 13. Nxd5 exd5 14. c3 Ne5
15. Qe2 d4 16. f4 dxc3 17. fxe5 cxd2 18. Rad1 Qd4 19. Rxd2 Bxe5 20. Re1 Rae8
21. Qf3 Re7 22. Rde2 Rfe8 23. Bf1 Qd6 24. Kg2 Bxb2 25. Rxe7 Rxe7 26. Rxe7 Qxe7
27. Qe2 Qxe2+ 28. Bxe2 Kf7 29. Kf3 Bd4 30. Bd1 Kf6 31. Bb3 Ke5 32. Bg8 h6 33.
Bh7 g5 34. g4 f4 35. Bf5 a5 36. Be4 Be3 37. Bg6 Kd4 38. Bf5 b5 39. Bd7 Kd5 40.
Be8 a4 41. Ke2 b4 42. Bf7+ Kd4 43. Be8 b3   0-1

[Event "U-20 Pan-American Chess Championship Female 2022"]
[Site "(Pereira - Risaralda) Gran Hotel. Calle 19 # 9-19"]
[Date "2022.08.26"]
[Round "7"]
[Board "6"]
[White "Caicedo Anguila, Juliana"]
[Black "Hernandez Bermudez, Manuela"]
[Result "0-1"]
[WhiteElo "1591"]
[BlackElo "1894"]
[PlyCount "0"]
[EventDate "2022.08.23"]
[EventRounds "9"]
[EventCountry "COL"]

1. d4 Nf6 2. Nf3 g6 3. b4 d5 4. Bb2 a5 5. b5 c6 6. bxc6 Nxc6 7. e3 Qb6 8. Ba3
Bf5 9. Bd3 Ne4 10. c3 a4 11. O-O Bg7 12. Qc2 Bf6 13. Nbd2 Nxd2 14. Nxd2 Bxd3
15. Qxd3 O-O 16. Rab1 Qc7 17. c4 Rfd8 18. cxd5 Rxd5 19. Qc4 Rh5 20. Nf3 Qd7 21.
Rfc1 Rd8 22. Bc5 Qg4 23. Kf1 e5 24. Rxb7 Qe6 25. Qxe6 fxe6 26. Bb6 Rc8 27. dxe5
Bxe5 28. Nxe5 Rxe5 29. Bc7 Nd8 30. Ra7 Re4 31. Ke2 Rb4 32. Kf3 Nf7 33. Rc5 e5
34. Kg3 Nh6 35. h3 Nf5+ 36. Kh2 e4 37. Rd5 Re8 38. Rd7 Rb2 39. Bg3 Rxa2 40.
Rxh7 a3 41. h4 Ra1 42. Rhb7 a2 43. Rb6 Re7 44. Ra8+ Kf7 45. Rba6 Re8 46. R8a7+
Re7 47. Rxe7+ Kxe7 48. Be5 Rf1 49. Rxa2 Nxh4 50. Kg3 Nf5+ 51. Kf4 Rg1 52. Ra7+
Ke8 53. g4 Ne7 54. Ra5 Rg2 55. Ra2 Kf7 56. Kxe4 Rxg4+ 57. f4 g5 58. Ra6 gxf4
59. exf4 Rg1 60. Rf6+ Ke8 61. Rh6 Re1+ 62. Kf3 Rf1+ 63. Kg2 Rb1 64. Kg3 Nf5+
  0-1

[Event "U-20 Pan-American Chess Championship Female 2022"]
[Site "(Pereira - Risaralda) Gran Hotel. Calle 19 # 9-19"]
[Date "2022.08.26"]
[Round "7"]
[Board "7"]
[White "Perez Hernandez, Vicmary C."]
[Black "Guerrero Caicedo, Arlette"]
[Result "0-1"]
[WhiteElo "1764"]
[BlackElo "1531"]
[PlyCount "0"]
[EventDate "2022.08.23"]
[EventRounds "9"]
[EventCountry "COL"]

1. e4 d5 2. exd5 Nf6 3. c4 c6 4. d4 cxd5 5. Nc3 Nc6 6. Bf4 Bf5 7. h3 e6 8. Nf3
Qb6 9. c5 Qxb2 10. Rc1 Ne4 11. Nxe4 Bxe4 12. Be3 Qxa2 13. Bd2 Be7 14. Bc3 O-O
15. Bb5 a6 16. Ba4 Qc4 17. Nd2 Qd3 18. Bb2 Bxg2 19. Bc2 Qb5 20. Bc3 Nb4 21. Rg1
Nxc2+ 22. Rxc2 Bxh3 23. Rg3 Bf5 24. Rb2 Qd7 25. Qh5 Bg6 26. Qg4 Bf6 27. f4 a5
28. Nf3 a4 29. Ng5 Bxg5 30. Qxg5 a3 31. Ra2 Qb5 32. Ra1 a2   0-1

[Event "U-20 Pan-American Chess Championship Female 2022"]
[Site "(Pereira - Risaralda) Gran Hotel. Calle 19 # 9-19"]
[Date "2022.08.26"]
[Round "7"]
[Board "9"]
[White "Pinillo Canon, Silvana"]
[Black "Lobo Meneses, Natalia"]
[Result "1/2-1/2"]
[WhiteElo "1806"]
[BlackElo "1319"]
[PlyCount "0"]
[EventDate "2022.08.23"]
[EventRounds "9"]
[EventCountry "COL"]

1. e4 e5 2. Nf3 Nc6 3. Bb5 Nf6 4. d3 Bc5 5. O-O d6 6. c3 O-O 7. Nbd2 a6 8. Ba4
Ba7 9. Re1 b5 10. Bb3 Be6 11. Bc2 Re8 12. Nf1 h6 13. h3 d5 14. Ng3 dxe4 15.
dxe4 Qxd1 16. Rxd1 Rad8 17. Rxd8 Rxd8 18. Nf1 Bc4 19. Bd2 Bd3 20. Bxd3 Rxd3 21.
Re1 Nh5 22. Be3 Bxe3 23. Nxe3 Nf6 24. Nf1 g6 25. N1d2 Nd7 26. Nb3 a5 27. Kf1 a4
28. Nbd2 Kg7 29. Ke2 Rd6 30. a3 Nc5   1/2-1/2

[Event "U-20 Pan-American Chess Championship Female 2022"]
[Site "(Pereira - Risaralda) Gran Hotel. Calle 19 # 9-19"]
[Date "2022.08.26"]
[Round "7"]
[Board "10"]
[White "Medina Baquiro, Paula Andrea"]
[Black "Acosta Angulo, Mariana Valentina"]
[Result "1/2-1/2"]
[WhiteElo "1235"]
[BlackElo "1489"]
[PlyCount "0"]
[EventDate "2022.08.23"]
[EventRounds "9"]
[EventCountry "COL"]

1. e4 c5 2. Nf3 e6 3. d4 cxd4 4. Nxd4 a6 5. Nc3 b5 6. f3 Bb7 7. Nb3 Qc7 8. Be3
Nf6 9. Bd3 Be7 10. O-O O-O 11. Qd2 d6 12. Qf2 Nbd7 13. Qg3 Kh8 14. Nd2 Nc5 15.
Be2 Rac8 16. a3 Ncd7 17. f4 Nc5 18. e5 dxe5 19. fxe5 Nfe4 20. Ndxe4 Nxe4 21.
Nxe4 Bxe4 22. c3 Bc5 23. Kh1 Bxe3 24. Qxe3 Bg6 25. Rae1 Rfd8 26. Rd1 h6 27.
Rfe1 Bc2 28. Rc1 Bb3 29. Bd1 Bxd1 30. Rcxd1 Kg8   1/2-1/2

[Event "U-20 Pan-American Chess Championship Female 2022"]
[Site "(Pereira - Risaralda) Gran Hotel. Calle 19 # 9-19"]
[Date "2022.08.26"]
[Round "7"]
[Board "11"]
[White "Ladron De Guevara Mendez, Lorena"]
[Black "Susunaga Duran, Madelen Fernanda"]
[Result "1-0"]
[WhiteElo "1378"]
[BlackElo "1204"]
[PlyCount "0"]
[EventDate "2022.08.23"]
[EventRounds "9"]
[EventCountry "COL"]

1. e4 e5 2. Nf3 Nc6 3. Nc3 Nf6 4. d4 exd4 5. Nd5 d6 6. Nxd4 Ne5 7. g3 c6 8.
Nxf6+ Qxf6 9. Bg2 Be7 10. O-O Bd7 11. f4 Ng6 12. f5 Ne5 13. h4 h6 14. c3 g6 15.
Be3 c5 16. Nc2 gxf5 17. exf5 Rg8 18. Bf4 Bb5 19. Ne3 Bxf1 20. Qxf1 Qg7 21. Qb5+
Nd7 22. Nd5 a6 23. Qxb7 Rb8 24. Qc6   1-0

[Event "U-20 Pan-American Chess Championship Female 2022"]
[Site "(Pereira - Risaralda) Gran Hotel. Calle 19 # 9-19"]
[Date "2022.08.26"]
[Round "7"]
[Board "12"]
[White "Quevedo Bonilla, Paula Thaliana"]
[Black "Carrillo Riano, Karen Sofia"]
[Result "1/2-1/2"]
[WhiteElo "1267"]
[BlackElo "1350"]
[PlyCount "0"]
[EventDate "2022.08.23"]
[EventRounds "9"]
[EventCountry "COL"]

1. e4 c5 2. Nf3 e6 3. d4 cxd4 4. Nxd4 a6 5. Nc3 Nc6 6. Be3 Nf6 7. Be2 Bb4 8.
Bd3 O-O 9. O-O Ne5 10. h3 Qc7 11. Nce2 d5 12. exd5 Nxd5 13. Bg5 f6 14. Bh4 Bd6
15. Bg3 Ng6 16. Bxd6 Qxd6 17. Bxg6 hxg6 18. Nf3 Qc7 19. c3 Kf7 20. Rc1 Rh8 21.
c4 Ne7 22. Qd2 Bd7 23. Rfd1 Bc6 24. Ned4 Rad8 25. Qe2 e5 26. Nxc6 Qxc6 27. b3
Nf5 28. Rxd8 Rxd8 29. Rd1 Rxd1+ 30. Qxd1 Ke7 31. Qe2 Nd6 32. Nd2 a5 33. Qg4 Kf7
34. Qe2 Ke6 35. Qg4+ Kf7 36. Qe2 Ke6 37. Qg4+ Kf7 38. Qe2 Ke6   1/2-1/2

[Event "U-20 Pan-American Chess Championship Female 2022"]
[Site "(Pereira - Risaralda) Gran Hotel. Calle 19 # 9-19"]
[Date "2022.08.26"]
[Round "7"]
[Board "13"]
[White "Lopez Mahecha, Natalia"]
[Black "Mercado Maestre, Maria Angel"]
[Result "0-1"]
[WhiteElo "1197"]
[BlackElo "1310"]
[PlyCount "0"]
[EventDate "2022.08.23"]
[EventRounds "9"]
[EventCountry "COL"]

1. e4 e5 2. Nf3 Nc6 3. Bc4 Bc5 4. c3 Nf6 5. d4 exd4 6. cxd4 Bb4+ 7. Bd2 Bxd2+
8. Nbxd2 d5 9. exd5 Nxd5 10. O-O O-O 11. Re1 Nb6 12. Qb3 Nxc4 13. Qxc4 Be6 14.
Qc3 Qd5 15. Nb3 Rad8 16. Rad1 Bg4 17. Rd3 Bxf3 18. Rxf3 Nxd4 19. Nxd4 Qxd4 20.
Qxc7 Rd7 21. Qc3 Qxc3 22. Rxc3 g6 23. g3 Kg7 24. Kg2 Rfd8 25. a3 h5 26. h4 Kf6
27. Rec1 a6 28. Rc7 Ke6 29. Kf3 Rd3+ 30. Kf4 Kf6 31. R1c4 R8d7 32. Rxd7 Rxd7
33. Ke3 Ke6 34. Re4+ Kf6 35. a4 a5 36. Rd4 Ke6 37. Rxd7 Kxd7 38. Kd4 Kd6 39. b3
b6 40. f3 f6 41. g4 f5 42. gxh5 gxh5 43. f4 Ke6 44. Kc4 Kd6 45. Kb5 Kc7 46. b4
axb4 47. Kxb4 Kd6 48. Kb5 Kc7 49. Ka6 Kc6 50. Ka7 b5 51. a5 b4 52. a6 b3 53.
Kb8 b2 54. a7 b1=Q+ 55. Kc8 Qb7+ 56. Kd8 Qd7#   0-1

[Event "U-20 Pan-American Chess Championship Female 2022"]
[Site "(Pereira - Risaralda) Gran Hotel. Calle 19 # 9-19"]
[Date "2022.08.27"]
[Round "8"]
[Board "1"]
[White "Hilario, Aleyla"]
[Black "Contreras Huaman, Fiorella"]
[Result "1-0"]
[WhiteElo "1899"]
[BlackElo "1948"]
[PlyCount "0"]
[EventDate "2022.08.23"]
[EventRounds "9"]
[EventCountry "COL"]

1. d4 d5 2. c4 c6 3. Nf3 Nf6 4. Nc3 e6 5. g3 dxc4 6. Bg2 Nbd7 7. a4 Bb4 8. O-O
O-O 9. Qc2 a5 10. e4 e5 11. dxe5 Ng4 12. e6 fxe6 13. Bf4 e5 14. Bg5 Be7 15. Bc1
Qc7 16. h3 Ngf6 17. Nd2 Nc5 18. Nxc4 Be6 19. b3 Nxb3 20. Qxb3 b5 21. axb5 cxb5
22. Nxb5 Qxc4 23. Qb2 Rfb8 24. Na3 Qc5 25. Qe2 Qc8 26. Rd1 Bc5 27. Be3 Bxe3 28.
Qxe3 Rb3 29. Rd3 a4 30. Rc1 Qf8 31. Ra1 Rab8 32. Nc2 Bc4 33. Rc3 Rxc3 34. Qxc3
Bb3 35. Na3 Qe7 36. Bf3 Kh8 37. Kg2 Re8 38. Qa5 h6 39. Nb1 Qd8 40. Qb5 Qd4 41.
Ra3 Qb2 42. Rxa4 Qxb1 43. Rb4 Qc2 44. Rxb3 Rd8 45. Rb2 Qc7 46. Qa6 Rd7 47. h4
h5 48. Qe6 Rf7 49. Ra2 Kh7 50. Qf5+ g6 51. Qe6 Kg7 52. Ra6 Qe7 53. Rd6 Qxe6 54.
Rxe6 Nd7 55. Be2 Rf6 56. Re7+ Rf7 57. Re8 Rf8 58. Rxf8 Nxf8 59. Bc4 Kf6 60. f4
Nd7 61. Kf3 Nb6 62. Bb3 Nd7 63. Ke3 Nc5 64. Bd5 Na4 65. Kd3 Nb2+ 66. Kc2 Na4
67. Kb3 Nc5+ 68. Kc4 Na4 69. Kd3 Nb2+ 70. Kc2 Na4 71. Kb3 Nc5+ 72. Kc4 Na4 73.
Bc6 Nb2+ 74. Kd5 exf4 75. gxf4 Nd3 76. Kd6 Nxf4 77. e5+ Kg7 78. Be4 g5 79. hxg5
h4 80. e6   1-0

[Event "U-20 Pan-American Chess Championship Female 2022"]
[Site "(Pereira - Risaralda) Gran Hotel. Calle 19 # 9-19"]
[Date "2022.08.27"]
[Round "8"]
[Board "2"]
[White "Matus, Nastassja"]
[Black "Garcia Andrada, Heidy Nicole"]
[Result "1-0"]
[WhiteElo "1976"]
[BlackElo "2002"]
[PlyCount "0"]
[EventDate "2022.08.23"]
[EventRounds "9"]
[EventCountry "COL"]

1. g3 d5 2. d4 c5 3. Bg2 Nc6 4. dxc5 e6 5. Nf3 Bxc5 6. O-O Nf6 7. a3 a6 8. Nbd2
O-O 9. b4 Ba7 10. c4 Qe7 11. Bb2 Rd8 12. Qc2 d4 13. c5 e5 14. Nc4 Bg4 15. Ng5
g6 16. Nd6 Rf8 17. h3 Bc8 18. Rfe1 Ne8 19. Nxc8 Rxc8 20. h4 Nf6 21. e3 dxe3 22.
Rxe3 Bb8 23. Rae1 Rfe8 24. Qe2 h6 25. Ne4 Nh7 26. Rd3 Rcd8 27. Red1 Rxd3 28.
Rxd3 Rd8 29. Qd2 Rxd3 30. Qxd3 Nf8 31. Nd6 Nd8 32. Qd5 Bxd6 33. cxd6 Qe6 34.
Bxe5 Qxd5 35. Bxd5 Nfe6 36. Bf6   1-0

[Event "U-20 Pan-American Chess Championship Female 2022"]
[Site "(Pereira - Risaralda) Gran Hotel. Calle 19 # 9-19"]
[Date "2022.08.27"]
[Round "8"]
[Board "3"]
[White "Hernandez Bermudez, Manuela"]
[Black "Pacheco Jimenez, Yesenia"]
[Result "0-1"]
[WhiteElo "1894"]
[BlackElo "1653"]
[PlyCount "0"]
[EventDate "2022.08.23"]
[EventRounds "9"]
[EventCountry "COL"]

1. e4 c5 2. Nf3 e6 3. d4 cxd4 4. Nxd4 a6 5. Nc3 Bb4 6. Bd3 d6 7. O-O Nf6 8. Qe2
Qc7 9. Bd2 Bc5 10. Nb3 Ba7 11. Kh1 Nbd7 12. f4 b5 13. a4 b4 14. Na2 a5 15. c3
Nc5 16. Nxc5 dxc5 17. e5 Nd5 18. f5 Bb8 19. Bb5+ Kf8 20. f6 Qxe5 21. fxg7+ Qxg7
22. Qh5 Qg6 23. Bh6+ Ke7 24. Qh4+ f6 25. c4 Rg8 26. Rf2 Nc7 27. Bc6 Ra6 28. Be4
Qf7 29. Be3 Ne8 30. Bxc5+ Bd6 31. Bxd6+ Nxd6 32. Bf3 Rg5 33. Nc1 Qg6 34. Ne2 e5
35. c5 Nf5 36. Qc4 Ne3 37. Qb3 Ng4 38. Bxg4 Rxg4 39. Qd5 Qe4 40. Qd2 Be6 41.
Rd1 Rg8 42. Ng3 Qg4 43. Qd3 Ra7 44. Qxh7+ Rg7 45. Qd3 Rd7   0-1

[Event "U-20 Pan-American Chess Championship Female 2022"]
[Site "(Pereira - Risaralda) Gran Hotel. Calle 19 # 9-19"]
[Date "2022.08.27"]
[Round "8"]
[Board "4"]
[White "Guerrero Caicedo, Arlette"]
[Black "Montano Vicente, Guadalupe"]
[Result "1-0"]
[WhiteElo "1531"]
[BlackElo "1644"]
[PlyCount "0"]
[EventDate "2022.08.23"]
[EventRounds "9"]
[EventCountry "COL"]

1. d4 Nf6 2. Nf3 g6 3. g3 Bg7 4. c4 O-O 5. Bg2 d5 6. cxd5 Nxd5 7. e4 Nb6 8. Nc3
Nc6 9. d5 Nb4 10. O-O f5 11. Qb3 Nd3 12. d6+ Kh8 13. Ng5 Ne5 14. dxc7 Qxc7 15.
Ne6 Bxe6 16. Qxe6 Qd7 17. Qxd7 Nexd7 18. exf5 gxf5 19. Nd5 Nxd5 20. Bxd5 Nc5
21. Be3 Rfd8 22. Rad1 Na4 23. Bxb7 Nxb2 24. Rc1 Rab8 25. Rc7 Re8 26. Bxa7 Rbd8
27. Bc6 Rc8 28. Rxc8 Rxc8 29. Bd5 Bf6 30. Be3 Rd8 31. Be6 Ra8 32. Rc1 Nd3 33.
Rc8+ Rxc8 34. Bxc8 Nb4 35. a4 Nc2 36. Bb6 f4 37. a5   1-0

[Event "U-20 Pan-American Chess Championship Female 2022"]
[Site "(Pereira - Risaralda) Gran Hotel. Calle 19 # 9-19"]
[Date "2022.08.27"]
[Round "8"]
[Board "5"]
[White "Diaz Charpentier, Kristel Meliss"]
[Black "Caicedo Anguila, Juliana"]
[Result "1-0"]
[WhiteElo "1989"]
[BlackElo "1591"]
[PlyCount "0"]
[EventDate "2022.08.23"]
[EventRounds "9"]
[EventCountry "COL"]

1. Nf3 e6 2. c4 d5 3. g3 dxc4 4. Qa4+ Nd7 5. Qxc4 b6 6. Bg2 Bb7 7. O-O c5 8. d3
Ngf6 9. Qc2 Be7 10. Nc3 O-O 11. Bd2 Nd5 12. Rac1 N7f6 13. Rfd1 Rc8 14. a3 Qc7
15. e4 Nxc3 16. Bxc3 Qb8 17. Ne5 Rfd8 18. Qe2 Ne8 19. Bh3 Bf6 20. f4 Qc7 21. g4
Bxe5 22. Bxe5 Qe7 23. g5 Bc6 24. b3 Nd6 25. Qb2 Ne8 26. Rd2 f6 27. gxf6 gxf6
28. Bc3 Kf7 29. Rf1 b5 30. Bg2 Nc7 31. Rf3 b4 32. axb4 cxb4 33. Bd4 Nb5 34. Be3
Rg8 35. Rh3 Rg7 36. Kf1 Nc3 37. Bf3 Ba8 38. Rh6 Rd8 39. Qa1 Kg8 40. Qa5 f5 41.
Rxe6 Qh4 42. Qxf5 Nb1 43. Rg2   1-0

[Event "U-20 Pan-American Chess Championship Female 2022"]
[Site "(Pereira - Risaralda) Gran Hotel. Calle 19 # 9-19"]
[Date "2022.08.27"]
[Round "8"]
[Board "6"]
[White "Escobar Villota, Domenika Gabriela"]
[Black "Ruiz Villalba, Andrea"]
[Result "1-0"]
[WhiteElo "1520"]
[BlackElo "1845"]
[PlyCount "0"]
[EventDate "2022.08.23"]
[EventRounds "9"]
[EventCountry "COL"]

1. e4 c5 2. Nc3 Nc6 3. g3 g6 4. Bg2 Bg7 5. d3 e6 6. Be3 Nd4 7. Qd2 d6 8. Nd1
Ne7 9. c3 Ndc6 10. Bh6 Bxh6 11. Qxh6 Ne5 12. Qd2 f5 13. f4 N5c6 14. exf5 Nxf5
15. Ne3 Nxe3 16. Qxe3 Qb6 17. Qe2 Bd7 18. Nf3 O-O-O 19. Ng5 Rdf8 20. O-O-O h6
21. Nf3 Rf6 22. Rhe1 g5 23. fxg5 hxg5 24. Nxg5 Rxh2 25. Ne4 Rg6 26. Nxd6+ Kc7
27. Nc4 Qa6 28. Qe4 Qxa2 29. Re2 Rf6 30. g4 b5 31. Ne5 Qd5 32. Nxd7 Kxd7 33. g5
Rf5 34. Qg4 Rxg5 35. Bxd5 Rxg4 36. Bxe6+   1-0

[Event "U-20 Pan-American Chess Championship Female 2022"]
[Site "(Pereira - Risaralda) Gran Hotel. Calle 19 # 9-19"]
[Date "2022.08.27"]
[Round "8"]
[Board "7"]
[White "Perez Hernandez, Vicmary C."]
[Black "Pena Gonzalez, Clara Isabel"]
[Result "1/2-1/2"]
[WhiteElo "1764"]
[BlackElo "1833"]
[PlyCount "0"]
[EventDate "2022.08.23"]
[EventRounds "9"]
[EventCountry "COL"]

1. e4 c5 2. Nf3 Nc6 3. c3 Nf6 4. e5 Nd5 5. d4 cxd4 6. cxd4 e6 7. Bc4 Bb4+ 8.
Bd2 Qa5 9. O-O Bxd2 10. Qxd2 Nb6 11. Bb3 Qxd2 12. Nbxd2 O-O 13. Ne4 Na5 14. Nd6
Nxb3 15. axb3 Nd5 16. Rfc1 b6 17. Rc4 a5 18. b4 Rb8 19. b5 Bb7 20. Nd2 Ba8 21.
N2e4 f6 22. g3 fxe5 23. dxe5 h6 24. Nc3 Rf3 25. Rc1 Rbf8 26. Nce4 Nb4 27. Rc8
Nd3 28. Rxf8+ Rxf8 29. Rc7 Nxe5 30. f4 Nf3+ 31. Kf2 Nd4 32. Ke3 Nf5+ 33. Nxf5
exf5 34. Nd6   1/2-1/2

[Event "U-20 Pan-American Chess Championship Female 2022"]
[Site "(Pereira - Risaralda) Gran Hotel. Calle 19 # 9-19"]
[Date "2022.08.27"]
[Round "8"]
[Board "9"]
[White "Acosta Angulo, Mariana Valentina"]
[Black "Pinillo Canon, Silvana"]
[Result "0-1"]
[WhiteElo "1489"]
[BlackElo "1806"]
[PlyCount "0"]
[EventDate "2022.08.23"]
[EventRounds "9"]
[EventCountry "COL"]

1. e4 e5 2. Nf3 Nc6 3. Bc4 Nf6 4. d3 Bc5 5. c3 O-O 6. O-O d6 7. h3 a6 8. Bb3
Ba7 9. Re1 Re8 10. Nbd2 Be6 11. Bc2 Ne7 12. Nf1 Ng6 13. Be3 d5 14. Bxa7 Rxa7
15. Qe2 Ra8 16. Rad1 c5 17. Ng3 h6 18. d4 exd4 19. cxd4 Nxe4 20. Nxe4 dxe4 21.
Qxe4 cxd4 22. Qxb7 Qf6 23. Nxd4 Reb8 24. Qe4 Bd7 25. b3 Rd8 26. Qf3 Nf4 27. Re4
g5 28. Kh2 Kg7 29. Rde1 Rac8 30. Re5 Bxh3 31. gxh3 Rxd4 32. Bb1 Rd2 33. Qe3
Rcd8 34. Rf5 Qd6   0-1